Регионална библиотека "Любен Каравелов" - Русе

Римлянката (Запис номер 186044)

MARC детайли
000 -Лидер
Контролно поле с фиксирана дължина 01639nam a2200373 c 4500
003 - Код на организацията, давaща контролен номер
Контролно поле BLK
005 - Дата и час на последна редакция
Контролно поле 20241126094357.0
008 - Елементи от данни с фиксирана дължина
fixed length control field 180411b bul|||||r ||||||| ||bul||
010 ## - Наследен системен номер
LC control number KNG00195038000
020 ## - Международен стандартен номер на книга ISBN
Международен стандартен номер на книга ISBN 978-954-28-1576-1
-- издат.: Сиела Норма
040 ## - Източник на каталожния запис
Идентификатор на билиотеката - собственик на записа BLK
041 ## - Код за език
Код за езика на текст/звукозапис или на отделно заглавие Български
Код за езика КДБФ Български
072 #7 - Код за тематичната категория
Код организация bullib
Код за тематична категория Н83
Текст Чужда художествена литература Н
080 ## - УДК
Текстов определител УДК Италианска литература
УДК код - определител по УДК 821.131.1
УДК определител -31
УДК - код + определител 821.131.1-31
100 1# - Редна дума - Автор
Автор Моравия, Алберто
Авторска отговорност първи автор
Автор - информация (биография) Пинкерле, Алберто
R(LIN) 99043
139 ## - Редно поле
Редна дума Моравия, Алберто
Авторски знак Мор - М 89
245 10 - Сведения за заглавието
Заглавие Римлянката
Подзаглавни данни Роман
Редно поле (дума) Алберто Моравия; прев. от итал. Анелия Желязкова; * Алберто Пинкерле.
257 ## - Страна на издаване
Страна на създаване/издаване Италия
260 ## - Област на издателските данни
-- София
Име на издателя, разпространителя и проч. Сиела Норма
Година на издаване 2014
300 ## - Физическа характеристика
Страници 408 с.
Размери/Мащаб 21 см
380 ## - Жанр
Жанр Худож. лит.
490 1# - СЕРИИ (Колекции)
Име на серия Популярна класика
500 ## - Общи забележки
Забележка 1. изд. 1989 на ОФ. - Ориг. загл. La Romana / Alberto Moravia. - Алберто Моравия - псевд. на Алберто Пинкерле. - Съдържа и за авт.
653 ## - Ключова дума – ненормативна
Ключова дума романи
659 ## - Тематичен бюлетин
Тематичен бюлетин Н
700 1# - Други автори (авторска отговорност)
Лично име Желязкова, Анелия
Автороска отговорност (Описва отношението между автора и произведението) прев. от итал.
9 (RLIN) 344011
700 1# - Други автори (авторска отговорност)
Лично име Пинкерле, Алберто
Автороска отговорност (Описва отношението между автора и произведението) *
9 (RLIN) 323246
852 ## - Местоположение
Форматна сигнатура Цб 282989
856 4# - Електронен адрес и достъп
Електронен формат pdf - файл
Път до файла /url/
856 4# - Електронен адрес и достъп
Електронен формат pdf - файл
Път до файла /url/
942 ## - АРТИКУЛИ
Вид на библиотечния материал Книги
Скрит в OPAC Не
Koha issues (borrowed), all copies 19
944 ## - СЪЗДАВАНЕ И РЕДАКЦИЯ на ЗАПИСА
Създаване/Редакция Създаване
Дата на регистрацията/редакция 03.11.2016
Статус, дата на статуса Цветелина Шанова
Служител, извършил регистрацията/редакцията 30531
944 ## - СЪЗДАВАНЕ И РЕДАКЦИЯ на ЗАПИСА
Създаване/Редакция Редакция
Дата на регистрацията/редакция 15.11.2016
Статус, дата на статуса ф /
Служител, извършил регистрацията/редакцията Людмила_Стоянова
999 ## - СИСТЕМНИ КОНТРОЛНИ НОМЕРА
Koha biblionumber 186044
Koha biblioitemnumber 186044
Наличности
Код за отписване Код за изгубен артикул Код за повреда Коз за рестрикции Код за отдаване Артикулен № Име на библиотеката - собственик Име на библиотеката, в която се намира в момента Статус (Текущо местоположение) Дата на вписване в системата Местоположение - отдел Цена в лева Инвентарен номер Систематично азбучна сигнатура Баркод Номер на екземпляра Цена в евро Служебна бележка Служебен тип на артикула
  Не е изгубен Не е повреден без рестрикции заемане за дома 323366 Регионална библиотека "Любен Каравелов" Русе Регионална библиотека "Любен Каравелов" Русе Заемна - подръчен фонд 2016-11-03 Заемна - подръчен фонд 8.00 120000805383 П 850-31/М 89 120000805383 1 4.09 Дост: Pk Вид: Ф N: 1484 Дата: 01.11.2016 Дата инв: 12.02.2018 Бележки инв: П2018 Книги
Vip Innovations Ltd, Rousse, Bulgaria 2025